header

How proverbs mean (Record no. 108945)

MARC details
000 -LEADER
fixed length control field 01323nam a2200337Ia 4500
082 04 - DEWEY DECIMAL CLASSIFICATION NUMBER
Classification number 398/.9/21
100 1# - MAIN ENTRY--AUTHOR NAME
Personal name Norrick, Neal R.
245 10 - TITLE STATEMENT
Title How proverbs mean
260 ## - PUBLICATION, DISTRIBUTION, ETC. (IMPRINT)
Place of publication Berlin ;
-- New York :
Name of publisher Mouton,
Year of publication c1985.
300 ## - PHYSICAL DESCRIPTION
Number of Pages xi, 213 p.
650 #0 - SUBJECT ADDED ENTRY--TOPICAL TERM
Topical Term Proverbs, English
Topical Term Proverbs
856 40 - ELECTRONIC LOCATION AND ACCESS
Uniform Resource Identifier http://site.ebrary.com/lib/rucke/Doc?id=10598129

No items available.

© 2026 Rongo University
Contact us: librarian | system librarian | Rongo university